| 000 | 00646nam a22001937a 4500 | ||
|---|---|---|---|
| 003 | 0 | ||
| 005 | 20240819144922.0 | ||
| 008 | 240819b xxu||||| |||| 00| 0 eng d | ||
| 020 | _a978-0-367-62595-5 | ||
| 050 |
_aGV 1779 _b.T73 2024 |
||
| 100 | _aTrahearn, Anthony R. | ||
| 245 |
_aCommercial dance : _ban essential guide _cAnthony R. Trahearn |
||
| 260 |
_aNew York, NY _bRoutledge _c2024 |
||
| 300 |
_aix, 224 pages : _bcolored lllustrations and picture ; _c25cm. |
||
| 504 | _aIncludes bibliographical references and index. | ||
| 650 | _aDance in motion pictures, televisions, and etc. | ||
| 650 | _aMusic and dance. | ||
| 942 |
_2lcc _cBK |
||
| 999 |
_c366123 _d366123 |
||